Engineering Pratical Physics with Viva Voce (Record no. 5131)

MARC details
000 -LEADER
fixed length control field 00469nam a2200169Ia 4500
003 - CONTROL NUMBER IDENTIFIER
control field SGT
020 ## - INTERNATIONAL STANDARD BOOK NUMBER
International Standard Book Number 9788183989862
082 ## - DEWEY DECIMAL CLASSIFICATION NUMBER
Classification number 530
Item number GUP
100 ## - MAIN ENTRY--PERSONAL NAME
Personal name Gupta,S.L.
245 ## - TITLE STATEMENT
Title Engineering Pratical Physics with Viva Voce
260 ## - PUBLICATION, DISTRIBUTION, ETC. (IMPRINT)
Name of publisher, distributor, etc Pragati Prakashan
Place of publication, distribution, etc N.Delhi
Year of Publication 2010
300 ## - PAGE DESCRIPTION
No. of Pages 177p.
650 ## - SUBJECT ADDED ENTRY--TOPICAL TERM
Topical term or geographic name as entry element PHYSICS
653 ## - KEYWORDS--INDEX TERM
Keyword term LIST OF EXPERIMENT OF SEMESTER,CALENDER'S GRIFFITHS BRIDGE LIST OF EXPERIMENT OF 2ND SEMESTER
700 ## - ADDED ENTRY--PERSONAL NAME
Personal name Kumar,V
942 ## - ADDED ENTRY ELEMENTS (KOHA)
Source of classification or shelving scheme Dewey Decimal Classification
Koha item type Books
942 ## - ADDED ENTRY ELEMENTS (KOHA)
-- 3
Holdings
Withdrawn status Lost status Source of classification or shelving scheme Damaged status Not for loan Home library Current library Date acquired SGTU Total Checkouts Full call number Accession No. (Barcode) Date last seen Bill Date Koha item type Date last borrowed
    Dewey Decimal Classification     SGT Engineering Library SGT Engineering Library 08/02/2011 SGTU   530 GUP FE2766 09/02/2015 09/02/2015 Books  
    Dewey Decimal Classification     SGT Engineering Library SGT Engineering Library 08/02/2011 SGTU   530 GUP FE2767 09/02/2015 09/02/2015 Books  
    Dewey Decimal Classification     SGT Engineering Library SGT Engineering Library 08/02/2011 SGTU   530 GUP FE2768 05/04/2019 09/02/2015 Books  
    Dewey Decimal Classification     SGT Engineering Library SGT Engineering Library 08/02/2011 SGTU 1 530 GUP FE2769 09/12/2024 09/02/2015 Books 28/11/2024
    Dewey Decimal Classification     SGT Engineering Library SGT Engineering Library 08/02/2011 SGTU   530 GUP FE2770 09/02/2015 09/02/2015 Books  
    Dewey Decimal Classification     SGT Engineering Library SGT Engineering Library 08/02/2011 SGTU   530 GUP FE2771 09/02/2015 09/02/2015 Books  
    Dewey Decimal Classification     SGT Engineering Library SGT Engineering Library 08/02/2011 SGTU   530 GUP FE2772 09/02/2015 09/02/2015 Books  
    Dewey Decimal Classification     SGT Engineering Library SGT Engineering Library 08/02/2011 SGTU 1 530 GUP FE2773 09/12/2024 09/02/2015 Books 09/12/2024
    Dewey Decimal Classification     SGT Engineering Library SGT Engineering Library 08/02/2011 SGTU   530 GUP FE2774 09/02/2015 09/02/2015 Books  
    Dewey Decimal Classification     SGT Engineering Library SGT Engineering Library 08/02/2011 SGTU 1 530 GUP FE2775 09/12/2024 09/02/2015 Books 09/12/2024